| 000 | 01779cam a22005054i 4500 | ||
|---|---|---|---|
| 003 | PE-LiUPU | ||
| 005 | 20250731172904.0 | ||
| 008 | 150623s2001 miu rb 000 0 eng d | ||
| 020 |
_a9780830814695 _q(v. 1b) |
||
| 020 |
_a0830814868 _q(v. 1a) |
||
| 020 |
_a0830814698 _q(v. 1b) |
||
| 020 |
_a9780830814862 _q(v. 1a) |
||
| 035 | _a(Sirsi) a166281 | ||
| 040 |
_aPE-LiUPU _bspa _cPE-LiUPU _erda |
||
| 049 | _aPRUA | ||
| 082 | 0 | 4 |
_a220.7 _bACCS _221 |
| 245 | 0 | 4 |
_aThe ancient Christian commentary on Scripture, _pNew Testament. _n1, _pMatthew / _cedited by Manlio Simonetti. |
| 264 | 1 |
_aDowners Grove, Illinois : _bInterVarsity Press, _c2001 |
|
| 300 |
_a2 volúmenes ; _c27 centímetros |
||
| 336 |
_atext _2rdacontent |
||
| 337 |
_aunmediated _2rdamedia |
||
| 338 |
_avolume _2rdacarrier |
||
| 490 | 0 |
_aAncient Christian Commentary on Scripture. New Testament ; _v6 |
|
| 504 | _aIncluye bibliografía. | ||
| 505 | 0 | _aVol. 1a, Matthew 1-13 ; Vol. 1b, Matthew 14-28. | |
| 526 | _aSEG42 | ||
| 526 | _aSEG41 | ||
| 526 | _aSEG40 | ||
| 526 | _aSEG39 | ||
| 526 | _aP94 | ||
| 526 | _aP87 | ||
| 526 | _aP86 | ||
| 526 | _aP85 | ||
| 526 | _aP77 | ||
| 526 | _aP76 | ||
| 526 | _aP35 | ||
| 630 | 0 | 4 |
_aBiblia. _pN.T. _pRomanos _vComentarios. |
| 700 | 1 |
_aSimonetti, Manlio, _eeditor. |
|
| 942 |
_2ddc _cBOOK |
||
| 994 |
_aC0 _bPEPRU |
||
| 596 | _a1 | ||
| 999 |
_a220.7 ACCS 1 _wLC _c15022 _i75238 _d15022 _e2017-4-20 _f2021-11-9 _g5 _lCCODEBUL1 _mBUL _n1 _p33.00 _r0 _sY _tBOOK _u2017-1-19 _xTEOLOGIA _PP85 _0COMPRA _o.STAFF. Colección Teología |
||
| 999 |
_a220.7 ACCS 2 _wDEWEY _c1 _i75239 _f2021-11-9 _g5 _lCCODEBUL1 _mBUL _r0 _sY _tBOOK _u2017-1-19 _xTEOLOGIA _PP85 _0COMPRA |
||
| 980 |
_81 _gALBERTO SANCHEZ Responsable de Automatización |
||